| 000 | 00552nam a22001931a 4500 | ||
|---|---|---|---|
| 001 | 11487 | ||
| 003 | OSt | ||
| 005 | 20260204212244.0 | ||
| 008 | 121116s2005||||ck ||||||b||||||||||spa|| | ||
| 020 | _a9589718116 | ||
| 050 | _a631.86 O8a | ||
| 100 | _aOsorio Díaz, Doris Liliana | ||
| 245 | _aAbonos lombricultura y campostaje / Doris Liliana Osorio Díaz | ||
| 264 | _aColombia: Grupo Latino | ||
| 300 | _a35 p | ||
| 490 | _aColección volvamos al campo | ||
| 650 | _aAbono Orgánico 2.Abonos de Origen Animal 3.LobriculturaÌ | ||
| 942 |
_2ddc _cBK |
||
| 999 |
_c11487 _d11487 |
||